00560nam a22001337a 4500020001800000082001300018245010000031260003000131300002100161880005600182942001200238999001900250952015700269 a9787101048391 a848bXIA aFeel the world and handed down: the road of literature Liang (Chinese Edition) /cXia Xiao Hong aChina :bZhonghua,c2006. a289 p. ;c23 cm. 6245-02\ra感受世界与传世:梁文学之路 / 2ddccBK c591763d591763 00102ddc406848_000000000000000_XIA709582988aCLbCLcCHISTd2022-10-13eDonated by China Embassyl0o848 XIApCL-D-2066r2022-10-13w2022-10-13yBK